| 000 | 00569cam a22002052 4500 | ||
|---|---|---|---|
| 001 | 0000020771 | ||
| 005 | 20151217160130.0 | ||
| 008 | 111013s xx 000 0 eng d | ||
| 020 | _a0521779022 | ||
| 040 |
_aKABU _cKABU |
||
| 100 | 1 |
_aDyer, Dorthy. _@0000181324 |
|
| 245 | 1 | 0 |
_aRadio days / _cDorothy Dyer and Lerato Lenake. |
| 250 | _a1st ed. | ||
| 260 |
_aCambridge : _bC. U. P., _c1999. |
||
| 300 | _a32 p. | ||
| 700 | 1 |
_aLenake, Lerato. _@0000181325 |
|
| 852 | 1 | _9p773.45 KES | |
| 908 | _a111013 | ||
| 950 | _@1 | ||
| 999 |
_c14703 _d14703 |
||